• 首页
  • 本馆介绍
  • 公告通知
  • 最新文献
  • 馆藏检索
  • 电子资源
  • 读者导购
  • 参考咨询
  • 我的图书馆
  • 登录
  • 详细信息显示
  • 放入我的书架
  • 预约/预借图书
  • 作者相关作品
  • 分类相关作品
  • 丛书相关作品
  • 出版社相关作品

书目信息

  • 表格格式
  • 工作单格式
  • 卡片格式
题名:
嵌入式LinuX操作系统原理与应用
    
 
作者: 文全刚 主编
分册:  
出版信息: 北京   北京航空航天大学出版社  2017.05
页数: 418页
开本: 24cm
丛书名:
单 册:
中图分类: TP316.85
科图分类:
主题词: Linux操作系统--Linuxcao zuo xi tong--程序设计--高等学校--教材
电子资源:
ISBN: 978-7-5124-2378-7
000 00978nam0 2200253 450
001 2029413214
005 20201120083637.36
010    @a978-7-5124-2378-7@dCNY59.00
100    @a20171116e20192017em y0chiy50 ea
101 0  @achi
102    @aCN@b110000
105    @aa z 000yy
106    @ar
200 1  @a嵌入式LinuX操作系统原理与应用@9qian ru shi LinuX cao zuo xi tong yuan li yu ying yong@f文全刚主编
205    @a3版
210    @a北京@c北京航空航天大学出版社@d2017.05@h2019.01
215    @a418页@c图@d24cm
300    @a普通高校“十三五”规划教材
330    @a本书主要内容分成3个部分:第一部分介绍嵌入式操作系统基础,包括第1章和第2章;第二部分介绍基于嵌入式Linux软件的开发,包括第2-6章,第三部分是嵌入式操作系统让实验内容,包括第7章。
606 0  @aLinux操作系统@9Linuxcao zuo xi tong@x程序设计@x高等学校@j教材
690    @aTP316.85@v5
701  0 @a文全刚@9wen quan gang@f(1972.1-)@4主编
801  0 @aCN@bBJSZM@c20201119
905    @b1243700-3@dTP316.85@e1018=3@f4
    
    嵌入式LinuX操作系统原理与应用/文全刚主编.-3版.-北京:北京航空航天大学出版社,2017.05(2019.01)
    418页:图;24cm
    普通高校“十三五”规划教材
    
    ISBN 978-7-5124-2378-7:CNY59.00
    本书主要内容分成3个部分:第一部分介绍嵌入式操作系统基础,包括第1章和第2章;第二部分介绍基于嵌入式Linux软件的开发,包括第2-6章,第三部分是嵌入式操作系统让实验内容,包括第7章。
●
相关链接 在E读中查询图书 在五车中查询图书 在当当中查询图书 在豆瓣中查询图书


正题名:嵌入式LinuX操作系统原理与应用     索取号:TP316.85/1018=3         预约/预借

序号 登录号 条形码 馆藏地/架位号 状态 备注
1 1243700   212437004   第二样本阅览室/ [索取号:TP316.85/1018=3] 在馆    
2 1243701   212437013   第三借阅区/ [索取号:TP316.85/1018=3] 在馆    
3 1243702   212437022   第三借阅区/ [索取号:TP316.85/1018=3] 在馆    
4 1243703   212437031   第三借阅区/ [索取号:TP316.85/1018=3] 在馆    
唐山师范学院图书馆 欢迎您!
大连网信软件有限公司© 版权所有